European Capitals of Sport - Statistics

General Stats
  • This quiz has been taken 17 times
  • The average score is 11 of 24
Answer Stats
Year Answer % Correct
2001 Madrid
85%
2021 Lisbon
77%
2002 Stockholm
77%
2009 Milan
69%
2006 Copenhagen
62%
2010 Dublin
62%
2018 Sofia
54%
2013 Antwerp
46%
2003 Glasgow
46%
2023 Glasgow
46%
2012 Istanbul
46%
2017 Marseille
46%
2016 Prague
46%
2005 Rotterdam
46%
2015 Turin
46%
2008 Warsaw
46%
2019 Budapest
38%
2011 Valencia
38%
2007 Stuttgart
31%
2014 Cardiff
23%
2024 Genoa
23%
2022 The Hague
15%
2020 Málaga
8%
2004 Alicante
0%
No matching quizzes found
Score Distribution
Percent of People with Each Score
Percentile by Number Answered
Your Score History
You have not taken this quiz